000 00352 a2200145 4500
001 63262
040 _cAnchieta - Pituba
100 _aPereira, Cristiane Santos
240 1 0 _a1ª Avaliação de Redação, II Unidade
_lpor
245 1 0 _a1ª Avaliação de Redação, II Unidade
300 _a4
362 0 _a2017
650 4 _aLinguagem
942 _cBK
999 _c63262
_d63262